MARC details
| 000 -LEADER |
| fixed length control field |
00957nam a2200241 a 4500 |
| 008 - FIXED-LENGTH DATA ELEMENTS--GENERAL INFORMATION |
| fixed length control field |
170220s2015 ||||||||||||||||| || u |
| 020 ## - INTERNATIONAL STANDARD BOOK NUMBER |
| International Standard Book Number |
9781452257501 |
| 050 ## - LIBRARY OF CONGRESS CALL NUMBER |
| Classification number |
HD 62.4 Tho |
| 100 ## - MAIN ENTRY--PERSONAL NAME |
| Personal name |
Thomas, David C |
| 245 10 - TITLE STATEMENT |
| Title |
Cross-cultural management: essential concepts. (3rd edition) |
| Statement of responsibility, etc. |
David C. Thomas; Mark F. Peterson |
| 250 ## - EDITION STATEMENT |
| Edition statement |
3rd ed. |
| 260 ## - PUBLICATION, DISTRIBUTION, ETC. |
| Place of publication, distribution, etc. |
London |
| Name of publisher, distributor, etc. |
SAGE Publications Ltd |
| Date of publication, distribution, etc. |
2015 |
| 260 ## - PUBLICATION, DISTRIBUTION, ETC. |
| Place of publication, distribution, etc. |
London |
| Name of publisher, distributor, etc. |
SAGE Publications |
| Date of publication, distribution, etc. |
2015 |
| 300 ## - PHYSICAL DESCRIPTION |
| Extent |
xx, 323p.: ill. |
| 350 ## - PRICE (NR) (BK AM CF MU VM SE) [OBSOLETE] |
| Price |
0.00 |
| 650 ## - SUBJECT ADDED ENTRY--TOPICAL TERM |
| Topical term or geographic name entry element |
INTERNATIONAL BUSINESS ENTERPRISES--MANAGEMENT |
| 650 ## - SUBJECT ADDED ENTRY--TOPICAL TERM |
| Topical term or geographic name entry element |
MANAGEMENT--CROSS-CULTURAL STUDIES |
| 650 ## - SUBJECT ADDED ENTRY--TOPICAL TERM |
| Topical term or geographic name entry element |
Intercultural communication |
| 650 ## - SUBJECT ADDED ENTRY--TOPICAL TERM |
| Topical term or geographic name entry element |
INTERNATIONAL BUSINESS ENTERPRISES--MANAGEMENT--CROSS-CULTURAL STUDIES |
| 650 ## - SUBJECT ADDED ENTRY--TOPICAL TERM |
| Topical term or geographic name entry element |
INDUSTRY |
| 700 ## - ADDED ENTRY--PERSONAL NAME |
| Personal name |
Peterson, Mark F |
| 995 ## - RECOMMENDATION 995 [LOCAL, UNIMARC FRANCE] |
| -- |
CBU-MAIN LIBRARY (Kitwe) |
| -- |
0.00 |
| -- |
1 |
| -- |
AVAILABLE |
| -- |
Feb 20, 2017 |
| -- |
Main Library Open Access Collection |